000
00271nam a22001097a 4500
008
230624b |||||||| |||| 00| 0 eng d
100
_a
Kishna, Pura Swami
_9
9024
245
_a
Bayla Bhastature Itihas
260
_b
Growtha prakashan:
_c
1966.
300
_a
334p
942
_c
BK
999
_c
38946
_d
38946